Diccionario histórico de la Ilustración / (Record no. 14866)

MARC details
000 -LEADER
campo de control de longitud fija 01207nam a2200313 i 4500
001 - NÚMERO DE CONTROL
campo de control 14866
003 - IDENTIFICADOR DE NÚMERO DE CONTROL
campo de control ES-MaACL
005 - FECHA Y HORA DE LA ÚLTIMA TRANSACCIÓN
campo de control 20230906150923.0
007 - CAMPO FIJO DE DESCRIPCIÓN FÍSICA--INFORMACIÓN GENERAL
campo de control de longitud fija t|
008 - DATOS DE LONGITUD FIJA--INFORMACIÓN GENERAL
campo de control de longitud fija 990623s1998 sp f d |||| | spa d
020 ## - NÚMERO INTERNACIONAL ESTÁNDAR DEL LIBRO
Número Internacional Estándar del Libro 84-206-5256-3
080 ## - NÚMERO DE LA CLASIFICACIÓN DECIMAL UNIVERSAL
Número de la Clasificación Decimal Universal 008(4)"17"(038)
080 ## - NÚMERO DE LA CLASIFICACIÓN DECIMAL UNIVERSAL
Número de la Clasificación Decimal Universal 930.85(4)"17"(038)
245 00 - MENCIÓN DEL TÍTULO
Título Diccionario histórico de la Ilustración /
Mención de responsabilidad, etc. Vincenzo Ferrone, Daniel Roche (eds.) ; con la colaboración de G. Abbattista ... [et al.] ; orientaciones bibliográficas, Antonio Trampus ; búsqueda iconográfica, Manuela Fugenzi ; versión española de José Luis Gil Aristu.
260 ## - PUBLICACIÓN, DISTRIBUCIÓN, ETC.
Lugar de publicación, distribución, etc. Madrid :
Nombre del editor, distribuidor, etc. Alianza Editorial,
Fecha de publicación, distribución, etc. [1998]
300 ## - DESCRIPCIÓN FÍSICA
Extensión 551 p., [32] p. de lám. ;
Dimensiones 24 cm.
490 1# - MENCIÓN DE SERIE
Mención de serie Alianza diccionarios
650 14 - PUNTO DE ACCESO ADICIONAL DE MATERIA--TÉRMINO DE MATERIA
Término de materia o nombre geográfico como elemento de entrada Ilustración-
Subdivisión de forma Diccionarios.
9 (RLIN) 13584
651 #4 - PUNTO DE ACCESO ADICIONAL DE MATERIA--NOMBRE GEOGRÁFICO
Nombre geográfico Europa-
Subdivisión general Civilización-
Subdivisión cronológica S.XVIII-
Subdivisión de forma Diccionarios.
9 (RLIN) 8591
700 1# - ENTRADA AGREGADA--NOMBRE PERSONAL
Nombre de persona Ferrone, Vincenzo.
9 (RLIN) 50601
700 1# - ENTRADA AGREGADA--NOMBRE PERSONAL
Nombre de persona Roche, Daniel.
9 (RLIN) 98059
700 0# - ENTRADA AGREGADA--NOMBRE PERSONAL
Nombre de persona Abbattista, Guido,
9 (RLIN) 18001
700 1# - ENTRADA AGREGADA--NOMBRE PERSONAL
Nombre de persona Trampus, Antonio.
9 (RLIN) 111219
700 1# - ENTRADA AGREGADA--NOMBRE PERSONAL
Nombre de persona Fugenzi, Manuela.
9 (RLIN) 52980
700 1# - ENTRADA AGREGADA--NOMBRE PERSONAL
Nombre de persona Gil Aristu, José Luis.
9 (RLIN) 56766
830 0# - PUNTO DE ACCESO ADICIONAL DE SERIE-TÍTULO UNIFORME
Título uniforme Alianza diccionarios
9 (RLIN) 177801
852 ## - LOCALIZACIÓN
Ubicación ES-MaACL
Número de control de estantería L-22074
Holdings
Estatus retirado Estado de pérdida Estado de daño No para préstamo Colección Biblioteca de origen Biblioteca actual Ubicación en estantería Fecha de adquisición Fuente de adquisición Total de préstamos Signatura topográfica completa Código de barras Visto por última vez Precio de reemplazo Tipo de ítem Koha
        Colección de referencia Biblioteca del Ateneo de Madrid Biblioteca del Ateneo de Madrid Depósito 2 17/01/2008     L-22074 1015117 23/02/2023 23/02/2023 Libro impreso